Spolupráca s fintechmi nie je samozrejmosťou a práca s dátami už vôbec nie

Prieskum Národnej banky Slovenska zaoberajúci sa úrovňou modernizácie slovenského finančného trhu. Motivácia pre zavádzanie technologických inovácií. Spolupráca s tretími stranami - externými fintech spoločnosťami. Miera analýzy dát vybraných subjektov. Technologické novinky zamerané na klientov.

Salvato in:
Dettagli Bibliografici
Natura: Capitolo di libro
Lingua:slovacco
Soggetti:
Tags: Aggiungi Tag
Nessun Tag, puoi essere il primo ad aggiungerne!!

MARC

LEADER 00000naa a2200000 4500
001 0273865
005 20210520151505.0
041 0 |a slo 
044 |a CZ 
245 1 0 |a Spolupráca s fintechmi nie je samozrejmosťou a práca s dátami už vôbec nie 
520 |a Prieskum Národnej banky Slovenska zaoberajúci sa úrovňou modernizácie slovenského finančného trhu. Motivácia pre zavádzanie technologických inovácií. Spolupráca s tretími stranami - externými fintech spoločnosťami. Miera analýzy dát vybraných subjektov. Technologické novinky zamerané na klientov. 
610 2 0 |a technológie nové 
610 2 0 |a bankovníctvo 
610 2 0 |a inovácie technologické 
610 2 0 |a klienti 
610 2 0 |a trh finančný 
610 2 0 |a dáta 
610 2 0 |a Slovensko